00339nam a2200133Ia 4500008004100000020001500041041001200056082001600068100001700084245004800101260003300149300000800182650001500190221030s9999 xx 000 0 und d a0706998979 aEnglish a105.23bPan aI. M. Pandey 0aManagement Accounting Third Revised Edition bVikas Pub HouseaDelhic2000 a608 aManagement